01157nam a2200241 i 4500001001000000003000900010005001700019006001900036007000300055008004100058040003000099082001400129100003300143245010900176264008600285300005300371336002700424337003400451338002800485490003500513500005100548500031600599000029035DO-SdBNP20231206122554.0a||||gr|||| 00| 0 ta110413s19u? dr 000 0 spa d aDO-SdBNPbspacBNPHUerda 4bD331i2221 aDel Castillo, José.eautor13aLa inmigración de braceros azucareros en la República Dominicana, 1900-1930. /cJosé del Castillo. aSanto Domingo :bCentro Dominicano de Investigaciones Antropológicas,c[190-?]. a78 páginas :bIlustraciones, gráficas ;c20. 2rdacontentatextobtxt 2rda mediaasin mediaciónbn 2rdacarrieravolumenbnc aCuadernos del CENDIA ;v262, 7 aIncluye notas y referencias bibliográficas . aJosé del Castillo, profesor investigador de la UASD, adscrito al Departamento de Sociología y al CERESD. Autor de diversos estudios sobre la sociedad dominicana. El Presente texto constituye un avance parcial y preliminar de una investigación acerca del desarrollo histórico de la industria azucarera.